000 00329nam a22001337a 4500
008 170621b xxu||||| |||| 00| 0 eng d
020 _a9780865970069
041 _aeng
080 _a32
100 _a20
101 _aSHP
245 _aAN INQUIRY INTO THE NATURE AND CAUSES OF THE WEALTH OF NATIONS
_cSMITH, A
942 _2udc
_cBK
999 _c18531
_d18531